Memoria /

Zapisane w:
Opis bibliograficzny
organizacja autorów: PRIDENA, Programa Interdisciplinario de Estudios y Acción Social sobre los Derechos de la Niñez y la Adolescencia
Format: Texto
Wydane: San José: PRIDENA
Etykiety: Dodaj etykietę
Nie ma etykietki, Dołącz pierwszą etykiete!

MARC

LEADER 00000 a a2200000 04500
001 29885
003
040
090 |a 194102  |b RECURSO ELECTRONICO  
110 |a PRIDENA  
245 |a Memoria /  |c PRIDENA  
260 |a San José:   |b PRIDENA  
300 |b gráficas  
710 |a Programa Interdisciplinario de Estudios y Acción Social sobre los Derechos de la Niñez y la Adolescencia  
999 |c 11227  |d 11227